Statistics for Dinosaur Names & Meanings: R

Click here to take the quiz!

General Stats

  • This quiz has been taken 38 times
  • The average score is 6 of 10

Answer Stats

MeaningName% Correct
Rioja lizardRiojasaurus
100%
Regni lizardRegnosaurus
92%
Rhoetos lizardRhoetosaurus
84%
Ruyang lizardRuyangosaurus
84%
Thief kingRaptorex
76%
Nose kingRhinorex
64%
Royal horned faceRegaliceratops
44%
Wrinkle faceRugops
28%
Thornbush lizardRubeosaurus
12%
Giant lizardRapetosaurus
8%

Score Distribution

Percentile by Number Answered

Percent of People with Each Score

Your Score History

You have not taken this quiz